000 00515nam a2200193 a 4500
001 1771663883420
003 YourLibrary
005 20260221142342.0
008 260221s2008##################000#0#eng##
020 _a9780309115629
082 0 4 _a338
_bSHE
100 1 _aMedicine, Institute of,
_eauthor.
245 1 0 _aThe Development of DRIs 1994-2004 :
260 _bNational Academies Press,
_c2008.
300 _a198 pages
650 0 _aMedical.
942 _cENGLISH
040 _aYourLibrary
_beng
_cYourLibrary
999 _c615061
_d615061